<?xml version="1.0" encoding="UTF-8"?>
<record
    xmlns:xsi="http://www.w3.org/2001/XMLSchema-instance"
    xsi:schemaLocation="http://www.loc.gov/MARC21/slim http://www.loc.gov/standards/marcxml/schema/MARC21slim.xsd"
    xmlns="http://www.loc.gov/MARC21/slim">

  <leader>04414cam a22003375a 4500</leader>
  <controlfield tag="001">016682615</controlfield>
  <controlfield tag="003">Uk</controlfield>
  <controlfield tag="005">20161025155840.0</controlfield>
  <controlfield tag="008">140303s2014    enka   frb    001 0 eng d</controlfield>
  <datafield tag="015" ind1=" " ind2=" ">
    <subfield code="a">GBB437631</subfield>
    <subfield code="2">bnb</subfield>
  </datafield>
  <datafield tag="016" ind1="7" ind2=" ">
    <subfield code="a">016682615</subfield>
    <subfield code="2">Uk</subfield>
  </datafield>
  <datafield tag="020" ind1=" " ind2=" ">
    <subfield code="a">0230237800 (paperback) </subfield>
  </datafield>
  <datafield tag="020" ind1=" " ind2=" ">
    <subfield code="a">9780230237803 (paperback) </subfield>
  </datafield>
  <datafield tag="040" ind1=" " ind2=" ">
    <subfield code="a">StDuBDS</subfield>
    <subfield code="b">eng</subfield>
    <subfield code="c">StDuBDS</subfield>
    <subfield code="d">EG-ScBUE</subfield>
  </datafield>
  <datafield tag="042" ind1=" " ind2=" ">
    <subfield code="a">ukblcatcopy</subfield>
  </datafield>
  <datafield tag="082" ind1="0" ind2="4">
    <subfield code="2">22</subfield>
    <subfield code="a">324.2</subfield>
    <subfield code="b">PET</subfield>
  </datafield>
  <datafield tag="100" ind1="1" ind2=" ">
    <subfield code="a">Pettitt, Robin T.&#x200F; </subfield>
    <subfield code="9">41622</subfield>
  </datafield>
  <datafield tag="245" ind1="1" ind2="0">
    <subfield code="a">Contemporary party politics /</subfield>
    <subfield code="c">Robin T. Pettitt.</subfield>
  </datafield>
  <datafield tag="260" ind1=" " ind2=" ">
    <subfield code="a">London :</subfield>
    <subfield code="b">Palgrave Macmillan / macmillan Publishers Limited,</subfield>
    <subfield code="c">2014.</subfield>
  </datafield>
  <datafield tag="300" ind1=" " ind2=" ">
    <subfield code="a">xii, 222 p. :</subfield>
    <subfield code="b">ill. ;</subfield>
    <subfield code="c">24 cm.</subfield>
  </datafield>
  <datafield tag="500" ind1=" " ind2=" ">
    <subfield code="a">Index : p. 221-222.</subfield>
  </datafield>
  <datafield tag="504" ind1=" " ind2=" ">
    <subfield code="a">Bibliography : p. 208-220.</subfield>
  </datafield>
  <datafield tag="505" ind1=" " ind2=" ">
    <subfield code="a"> 1. Introduction: Defining `political party' -- The three faces of party organisations -- The structure of parties -- The role of parties in democratic states -- The crisis of parties -- Outline of the book -- 2. Party Systems: The importance of understanding party systems -- Early approaches to party systems -- Party system typologies -- The effective number of parties --
Explaining party system variation -- Which party system is best? -- Conclusion -- 3. Theories of Party Development:
The `internal' and `external' origins of parties -- An alternative view of the emergence of political parties -- Understanding party types -- Cadre parties to mass parties -- Challenging the mass party model: the catch-all party -- Organisational consequences of the catch-all party: the electoral-professional party model --
The cartel party -- Conclusion: Beyond the cartel -- beyond party types? -- 4. Ideology: On ideology and party politics --  Political cleavages -- Party families -- Ideology in contemporary European party politics -- Party ideology beyond Europe --
United States -- India -- Africa -- Conclusion -- 5. Party Members, Activists and Supporters: Defining party member, activist and supporter -- The rise (and fall?) of party members --
Why members? -- Party membership incentives: supply --
Leadership incentives: demand -- The costs of a membership organisation -- Explaining and reversing decline -- The effects of membership decline -- Conclusion -- 6. Candidate Selection:
The importance of candidate selection -- Selecting candidates --
The political system -- National legislation -- The candidate selection process: impact of different methods -- Territorial (de- ) centralisation and in/exclusiveness of the selectorate -- Supply and demand -- Supply -- Demand -- Conclusion -- 7. Policy Making: Who should be involved? -- The normative argument against intra-party democracy. Contents note continued: The normative argument for intra-party democracy -- Pragmatic arguments against intra-party democracy -- Pragmatic argument for intra-party democracy -- Who can be involved in policy making? -- Who wants to be involved in policy making? --
Who are involved in policy making? -- Conclusion -- 8. Campaigning: How campaigning has changed -- First era --
Second Era -- Third Era -- The limits of change -- Drivers of change -- Social changes -- Technological change -- Party-specific issues -- Impact of changes -- Financing -- Conclusion --
9. Government: Deciding to aim for government office -- Getting into government -- coalitions -- Factors impacting on coalition formation -- Portfolio allocation -- Conclusion -- 10. The Internationalisation of Party Politics: Party Internationals --
The First, Second, Fourth and Socialist Internationals --
The Liberal International -- International Democratic Union --
Communist International (Comintern) -- Europarties. Contents note continued: The Development of Europarties -- Limits to the development of Europarties -- Parties and globalization --
The internationalisation of campaign consultancy -- Conclusion --
11. The Future of Party Politics: Future direction in the study of political parties -- Are parties in crisis?</subfield>
  </datafield>
  <datafield tag="520" ind1=" " ind2=" ">
    <subfield code="a">A systematic and comprehensive introduction to contemporary party politics in democratic states and evaluation of whether, and to what extent, parties are - as is often claimed - in crisis or decline</subfield>
  </datafield>
  <datafield tag="650" ind1=" " ind2="0">
    <subfield code="a">Political parties.</subfield>
    <subfield code="2">BUEsh</subfield>
  </datafield>
  <datafield tag="650" ind1=" " ind2="7">
    <subfield code="a">Democracy.</subfield>
    <subfield code="2">BUEsh</subfield>
    <subfield code="9">3166</subfield>
  </datafield>
  <datafield tag="651" ind1=" " ind2=" ">
    <subfield code="2">BUEsh</subfield>
  </datafield>
  <datafield tag="653" ind1=" " ind2=" ">
    <subfield code="b">BUSBOL</subfield>
    <subfield code="c">October2016</subfield>
  </datafield>
  <datafield tag="942" ind1=" " ind2=" ">
    <subfield code="2">ddc</subfield>
    <subfield code="e">22</subfield>
    <subfield code="k">324.2 PET</subfield>
  </datafield>
  <datafield tag="999" ind1=" " ind2=" ">
    <subfield code="c">22865</subfield>
    <subfield code="d">22837</subfield>
  </datafield>
  <datafield tag="952" ind1=" " ind2=" ">
    <subfield code="0">0</subfield>
    <subfield code="1">0</subfield>
    <subfield code="2">ddc</subfield>
    <subfield code="4">0</subfield>
    <subfield code="7">0</subfield>
    <subfield code="8">Baccah</subfield>
    <subfield code="a">MAIN</subfield>
    <subfield code="b">MAIN</subfield>
    <subfield code="c">1ST</subfield>
    <subfield code="d">2016-10-25</subfield>
    <subfield code="e">Purchase</subfield>
    <subfield code="g">392.00</subfield>
    <subfield code="h">3634</subfield>
    <subfield code="l">2</subfield>
    <subfield code="m">9</subfield>
    <subfield code="o">324.2 PET</subfield>
    <subfield code="p">000034245</subfield>
    <subfield code="r">2025-07-15 00:00:00</subfield>
    <subfield code="s">2018-10-15</subfield>
    <subfield code="v">490.00</subfield>
    <subfield code="y">BB</subfield>
  </datafield>
</record>
